Countries most similar to Tonga - Statistics

General Stats
  • This quiz has been taken 21 times
  • The average score is 13 of 20
Answer Stats
Rank Country % Correct
1 Samoa
100%
4 New Zealand
95%
6 Papua New Guinea
95%
3 Tuvalu
95%
2 Fiji
89%
12 Palau
84%
7 Vanuatu
84%
8 Kiribati
79%
9 Marshall Islands
79%
5 Solomon Islands
79%
11 Micronesia
74%
10 Nauru
74%
16 Indonesia
68%
17 Malaysia
68%
18 Philippines
68%
19 Thailand
37%
20 Vietnam
37%
15 Comoros
21%
14 São Tomé and Príncipe
5%
13 Cabo Verde
0%
No matching quizzes found
Score Distribution
Percent of People with Each Score
Percentile by Number Answered
Your Score History
You have not taken this quiz